000 00298nam a2200121Ia 4500
008 240731s9999 xx 000 0 und d
022 _a1466-4356
245 0 _aEthnic and Racial Studies
260 _bRoutledge
856 _uhttps://www.tandfonline.com/loi/rers20
942 _2ddc
942 _cTFEJ
999 _c76482
_d76482
945 _a1
_bMadushi Gamage
_c1
_dMadushi Gamage